From followers to leaders (Record no. 1228)

000 -LEADER
fixed length control field 00847nam a22002534a 4500
001 - CONTROL NUMBER
control field 1228
003 - CONTROL NUMBER IDENTIFIER
control field BD-DhUET
008 - FIXED-LENGTH DATA ELEMENTS--GENERAL INFORMATION
fixed length control field 010918s2002 enka b 001 0 eng
020 ## - INTERNATIONAL STANDARD BOOK NUMBER
International Standard Book Number 9780415251761
040 ## - CATALOGING SOURCE
Original cataloging agency DLC
Transcribing agency DLC
Modifying agency BD-DhUET
082 00 - DEWEY DECIMAL CLASSIFICATION NUMBER
Classification number 658.5
Item number FOR/2002
100 ## - MAIN ENTRY--PERSONAL NAME
Personal name Forbes, Naushad
245 10 - TITLE STATEMENT
Title From followers to leaders
Remainder of title managing technology and innovation in newly industrialized countries
250 ## - EDITION STATEMENT
Edition statement 1st ed.
260 ## - PUBLICATION, DISTRIBUTION, ETC. (IMPRINT)
Place of publication, distribution, etc. London
Name of publisher, distributor, etc. Routledge
Date of publication, distribution, etc. 2002
300 ## - PHYSICAL DESCRIPTION
Extent xiv, 214p.
Other physical details ill.
Dimensions 26 cm.
504 ## - BIBLIOGRAPHY, ETC. NOTE
Bibliography, etc Includes bibliographies
650 #0 - SUBJECT ADDED ENTRY--TOPICAL TERM
Topical term or geographic name as entry element Technology-Management
700 ## - ADDED ENTRY--PERSONAL NAME
Personal name Wield, David
856 41 - ELECTRONIC LOCATION AND ACCESS
Uniform Resource Identifier http://www.loc.gov/catdir/toc/fy041/2001048586.html
856 42 - ELECTRONIC LOCATION AND ACCESS
Uniform Resource Identifier http://www.loc.gov/catdir/enhancements/fy0650/2001048586-d.html
856 42 - ELECTRONIC LOCATION AND ACCESS
Uniform Resource Identifier http://www.loc.gov/catdir/enhancements/fy1102/2001048586-b.html
942 ## - ADDED ENTRY ELEMENTS (KOHA)
Koha item type General Book
Holdings
Sublocation or collection (holding branch) Koha renewals Koha item type Koha date last borrowed Shelving location Piece designation (barcode) Source of classification or shelving scheme Not for loan Lost status Koha out on loan Copy number Location (home branch) Koha full call number Koha normalized classification for sorting Price effective from Koha date last seen Withdrawn status Koha issues (times borrowed) Date acquired Damaged status
Central Library, BUET General Book Circulation section107279    1Central Library, BUET658.5/FOR/2002658_000000000000000_5FOR20022014-09-012014-09-01  2014-09-01 
Central Library, BUET1General Book2016-04-06Circulation section113611   2025-11-302Central Library, BUET658.5/FOR/2002658_500000000000000_FOR_20022015-09-292016-04-06 12015-09-29 
Central Library, BUET General Book Circulation section107278    3Central Library, BUET658.5/FOR/2002658_500000000000000_FOR_20022017-05-152017-05-15  2009-07-29 
Central Library, BUET General Book Circulation section115365    4Central Library, BUET658.5/FOR/2002658_500000000000000_FOR_20022017-09-132017-09-13  2017-06-19 
Central Library, BUET1General Book2017-10-29Circulation section115366   2025-11-305Central Library, BUET658.5/FOR/2002658_500000000000000_FOR_20022017-09-132017-10-29 12017-06-19